Sustainable use of hawksbill turtles: (Registro nro. 1604)

Detalles MARC
000 -CABECERA
Campo de control 00936nam a2200301 a 4500
005 - FECHA Y HORA DE LA ULTIMA TRANSACCION
Campo de control 20200104041522.0
008 - ELEMENTOS DE LONGITUD FIJA—INFORMACION GENERAL
Campo de control 140303b2000 aca||||| |||| 00| 0 eng d
020 ## - ISBN
ISBN 1876248459
040 ## - FUENTE DE CATALOGACIÓN
Agencia catalogadora original CO-BoIAVH
Agencia transcriptora CO-BoIAVH
041 ## - IDIOMA
Código de idioma para texto/pista de sonido o título separado Inglés
082 10 - NUMERO DE CLASIFICACION DECIMAL DEWEY
Número de clasificación 597.928
Número del ítem M93s
100 1# - ASIENTO PRINCIPAL--NOMBRE PERSONAL
Nombre personal Mrosovsky, N.
9 (RLIN) 12998
245 10 - MENCION DE TITULO
Título Sustainable use of hawksbill turtles:
Parte restante del título contemporary Issues in conservation
260 ## - PUBLICACION, DISTRIBUCION, ETC. (PIE DE IMPRENTA)
Lugar de publicación, distribución, etc. México:
Nombre del editor, distribuidor, etc. Key Centre for Tropical Wildlife Magagement,
Fecha de publicación, distribución, etc. 2000.
300 ## - DESCRIPCION FISICA
Extensión 107 página.
490 ## - MENCION DE SERIE
Mención de serie Issues in wildlife management
Designación numérica/secuencial del volumen 1
650 1# - ASIENTO SECUNDARIO DE MATERIA - TERMINO TEMATICO
Término temático o nombre geográfico como elemento de entrada Uso sostenible
9 (RLIN) 344
650 1# - ASIENTO SECUNDARIO DE MATERIA - TERMINO TEMATICO
Término temático o nombre geográfico como elemento de entrada Tortugas
9 (RLIN) 44846
650 1# - ASIENTO SECUNDARIO DE MATERIA - TERMINO TEMATICO
Término temático o nombre geográfico como elemento de entrada Tortugas carey
9 (RLIN) 44847
650 ## - ASIENTO SECUNDARIO DE MATERIA - TERMINO TEMATICO
Término temático o nombre geográfico como elemento de entrada Ecología de poblaciones
9 (RLIN) 3557
650 1# - ASIENTO SECUNDARIO DE MATERIA - TERMINO TEMATICO
Término temático o nombre geográfico como elemento de entrada Listas rojas UICN
9 (RLIN) 1359
650 1# - ASIENTO SECUNDARIO DE MATERIA - TERMINO TEMATICO
Término temático o nombre geográfico como elemento de entrada CITES
9 (RLIN) 2790
650 1# - ASIENTO SECUNDARIO DE MATERIA - TERMINO TEMATICO
Término temático o nombre geográfico como elemento de entrada Manejo adaptativo
9 (RLIN) 12667
650 1# - ASIENTO SECUNDARIO DE MATERIA - TERMINO TEMATICO
Término temático o nombre geográfico como elemento de entrada Conservación de biodiversidad
9 (RLIN) 345
650 1# - ASIENTO SECUNDARIO DE MATERIA - TERMINO TEMATICO
Término temático o nombre geográfico como elemento de entrada Categorías UICN
9 (RLIN) 4282
662 ## - ASIENTO SECUNDARIO DE MATERIA - JERARQUIA DEL NOMBRE DE LUGAR(
País o entidad mayor Cuba
942 ## - ELEMENTOS ADICIONALES (KOHA)
Tipo de ítem Libro
Sistema de clasificación Dewey Decimal Classification
Existencias
Withdrawn status Lost status Sistema de Clasificación Damaged status No para préstamo Colección Inventariado Ubicación Permanente Ubicación actual Fecha de adquisición Fuente de Valor Valor Total Checkouts Número topográfico Inventario / Código de Barras Date last seen Ejemplar Price effective from Forma de adquisición Tipo de material
    Dewey Decimal Classification     General Inventariado 2017 Bogotá Bogotá 02/05/2000 Instituto 39000.00   LB-597.928 M93s 002201 04/12/2012 Ej. 1 04/12/2012   Libro